| 000 | 00347nam a22001457a 4500 | ||
|---|---|---|---|
| 999 |
_c257447 _d257446 |
||
| 003 | OSt | ||
| 005 | 20190121110000.0 | ||
| 008 | 190121b xxu||||| |||| 00| 0 eng d | ||
| 020 | _a9789966028815 | ||
| 040 | _cn/a | ||
| 100 | _aNanjala Nyabola | ||
| 245 | _aWhere Women Are | ||
| 260 |
_aNairobi _bTwaweza Communications _c2017 |
||
| 942 |
_2lcc _cBK |
||